Οι επιχειρήσεις που σχετίζονται άμεσα και έμμεσα με το συνεδριακό τουρισμό : ; διπλωματική εργασία

Αποθηκεύτηκε σε:
Λεπτομέρειες βιβλιογραφικής εγγραφής
Κύριος συγγραφέας: Νικολαΐδου, Αθηνά
Συγγραφή απο Οργανισμό/Αρχή: Πανεπιστήμιο Αιγαίου Σχολή Επιστημών της Διοίκησης Τμήμα Διοίκησης Επιχειρήσεων Πρόγραμμα Μεταπτυχιακών Σπουδών "Σχεδιασμός, Διοίκηση και Πολιτική του Τουρισμού"
Άλλοι συγγραφείς: Τσάρτας, Πάρις (Εισηγητής διατριβής)
Μορφή: Thesis Βιβλίο
Γλώσσα:Greek
Δημοσίευση: Αθήνα : Πανεπιστήμιο Αιγαίου, Σχεδιασμός Διοίκηση και Πολιτική του Τουρισμού, 2009
Θέματα:
Διαθέσιμο Online:http://hdl.handle.net/11610/11574
Ετικέτες: Προσθήκη ετικέτας
Δεν υπάρχουν, Καταχωρήστε ετικέτα πρώτοι!

MARC

LEADER 00000cam a2200000 i 4500
001 1/4414
008 100211s2009 gre d
035 |l 10106761 
040 |a GR-MY-UA  |b gre  |e aacr 
041 0 |a gre 
082 0 |a 338.4791  |2 (22) 
100 1 |a Νικολαΐδου, Αθηνά. 
245 1 3 |a Οι επιχειρήσεις που σχετίζονται άμεσα και έμμεσα με το συνεδριακό τουρισμό :  |b ; διπλωματική εργασία /  |c Νικολαϊδου Αθηνά ; επιβλέπων καθηγητής Τσάρτας Πάρις 
260 |a Αθήνα :   |b Πανεπιστήμιο Αιγαίου, Σχεδιασμός Διοίκηση και Πολιτική του Τουρισμού,   |c 2009 
300 |a 193 σ.;  |b πιν.;  |c 30 εκ. 
502 # # |a Διατριβή (μεταπτυχιακή) – Πανεπιστήμιο Αιγαίου, Χίος, 2009. 
504 |a Βιβλιογραφία: σ. 157-160 
650 0 0 |a Tourism  |x Congresses. 
650 0 0 |a Tourism. 
650 0 0 |a Tourism  |x Marketing. 
650 0 0 |a Dissertations, Academic  |z Greece. 
700 1 |a Τσάρτας, Πάρις.  |4 ths 
710 2 |a Πανεπιστήμιο Αιγαίου  |b Σχολή Επιστημών της Διοίκησης  |b Τμήμα Διοίκησης Επιχειρήσεων  |b Πρόγραμμα Μεταπτυχιακών Σπουδών "Σχεδιασμός, Διοίκηση και Πολιτική του Τουρισμού". 
852 |a INST  |b CHIOS  |c DIATR  |e 20100211  |h 338.4791 NIK  |p 005200029721  |q 005200029721  |t MTXE  |y 23 
852 |a INST  |b CHIOS  |c DIATR  |e 20100211  |h 338.4791 NIK  |p 005200029722  |q 005200029722  |t MTXE  |y 23 
856 |u http://hdl.handle.net/11610/11574 
901 |a BIBL2-2010-1 
909 |a Χ  |b 148147 
909 |a Χ  |b 148148 
924 |a ΝΙΚΟΛΑΙΔΟΥ  |b ΑΘΗΝΑ  |y ΧΙΟΣ  |z 2009-07 
970 |a ΔΕΣΠΟΙΝΑ  |b ΑΤΣΑΛΗ  |z 2010/02/11